LEADER 01049nam a2200253 u 4500 001 000000045704 003 CaOOAMICUS 005 20070226114707.0 008 990614s1997 it a u000 u ita u 035 $a10826634 040 $aPUL(R)$bita 100 1 $aMichelis, Angela.$0(OLS)http://pul/name/33309 245 10$aCarlo Michelstaedter :$bil coraggio dell'impossibile /$cAngela Michelis ; prefazione di Nynfa Nosco. 260 $aRoma :$bCittà Nuova,$cc1997. 300 $a240 p. :$bill. ;$c20 cm 500 $aInclude indici. 504 $aBibliografia : p.[137]-152. 600 14$aMichelstaedter, Carlo,$d1887-1910.$0(OLS)http://pul/subject/19622 850 $aPUL 852 $aPUL$W1$xSL Filosofia 2$y80$mPhil A15 113$j61367$nBK-PRI$b $qStampati altre collocazioni$B61367$CPULBib$Z2$F61367 $H $81 941 1 $a10 961 $aINV: 76762 996 $6245$aCarlo Michelstaedter :$bil coraggio dell'impossibile$9(OLS)http://pul/title/61635 996 $6260$aRoma :$bCittà Nuova$9(OLS)http://pul/publisher/47927 LEADER 01166nam a2200277 a 4500 001 000000091880 003 CaOOAMICUS 005 20130611135415.0 008 060329s2005 it u000 u ita r 020 $a8804544740 035 $a11083665 040 $aPUL$bita 100 1 $aPera, Marcello,$d1943-$0(OLS)http://pul/name/59226 245 10$aSenza radici :$bEuropa, relativismo, cristianesimo, islam /$cMercello Pera, Joseph Ratzinger. 250 $a7a ed. 260 $aMilano :$bArnoldo Mondadori Editore,$c2004. 300 $a134 p. ;$c20 cm 504 $aInclude indice e riferimenti bibliografici. 650 4$aCristianesimo$zEuropa.$0(OLS)http://pul/subject/26759 650 4$aRelativismo.$0(OLS)http://pul/subject/21950 850 $aPUL 852 $aPUL$W1$xSL Religione 3$y85$m261. 5 PERMA 1$j115647$n $b $qDDC 21$B115647$CPULBib$Z2$F115647 $HPUL100569 $81 941 1 $a9 996 $6020$a8804544740$9(OLS)http://pul/number/120500 996 $6245$aSenza radici :$bEuropa, relativismo, cristianesimo, islam$9(OLS)http://pul/title/118589 996 $6260$aMilano :$bArnoldo Mondadori Editore$9(OLS)http://pul/publisher/68662